00583nam a2200193Ia 4500008004100000041001200041082001100053100007700064245003500141260007700176300000800253365000700261520001300268546001200281630003500293650001300328655001300341730003500354101110s9999 xx 000 0 und d aENGLISH bJR6180 aMaharashtra State Board of Secondary & higher Secondary Education, Pune aSecretarial practice Std. XI c2009bMaharashtra Rajya Madhyamik & Uchha Madhyamik Shikshan Mandal,Pune a170 b59 acommerce aENGLISH aSecretarial practice Std. XI acommerce acommerce aSecretarial practice Std. XI